000 00965nam0a2200289 4500
001 RU\NLR\BIBL_A\022518815
005 20250810081342.0
035 _a(NLR Aleph) 022518815
090 _a13397257
_c13397257
100 _a20250410d1941 m y0rusy50 ca
101 0 _atuk
102 _aTM
105 _aa z 000zy
181 0 _ai
_baxxe
182 0 _an
200 1 _aГѳроглы
_fтертибе салан Ата Говшут
_gМ. Кѳсәевиӊ редаксиясы билен
203 _aТекст
_bвизуальный
_cнепосредственный
210 _aАшгабат
_cТүркмендѳвлетнешр
_d1941
215 _a577,[1] c., [9] л. ил.
_d22
541 1 _aГёр-оглы
_e[эпос]
_zrus
702 1 _aГовшут
_bА.
_gАта
_4220
702 1 _aКѳсәев
_bМ.
_4340
942 _cBOOK
945 _aРоссийская национальная библиотека
980 _aBV
980 _aNB